000 00259nam a22001217a 4500
008 170307b xxu||||| |||| 00| 0 eng d
041 _aeng
080 _211th
_a611
100 _a6
101 _ashm
245 _aHUMAN ANATOMY
_cSCHAFFER, J.P
942 _2udc
_cBK
999 _c6935
_d6935